000 00811nam a2200253 i 4500
001 000030426
003 DO-SdBNP
005 20260321073645.0
007 ta
008 090331s1987 dr ab 000 0 spa d
040 _aDO-SdBNP
_bspa
_cBNPHU
_erda
082 4 _bC117c
_222
100 1 _a Bosch, Juan,
_d1909-2001
_eautora
_976555
245 1 3 _aCabrera :
_bparaiso del nordeste /
_cAna Luisa Cabral Taveras ; prólogo, Ramón Alberto Ferreras
264 _aSanto Domingo :
_bNordeste,
_c1987.
300 _a304 paginas :
_bilustraciones, mapas ;
_c22 cm.
336 _2rdacontent
_atexto
_btxt
337 _2rdamedia
_asin mediación
_bn
338 _2rdacarrier
_avolumen
_bnc
590 _aInventariado, 2023 / DG
700 _aFerreras, Ramón Alberto,
_eprólogo
_911298
910 _aDG
942 _2ddc
_cLBS1
999 _c53643
_d53643